Směry vědeckotechnického rozvoje ve strojírenství
Enregistré dans:
| Format: | Livre |
|---|---|
| Langue: | tchèque |
| Publié: |
Praha
Ústředí vědeckých, technických a ekonomických informací
1984
|
| Tags: |
Pas de tags, Soyez le premier à ajouter un tag!
|
MARC
| LEADER | 00000nam a2200000 4500 | ||
|---|---|---|---|
| 001 | c111775 | ||
| 005 | 20251204125341.8 | ||
| 041 | 0 | |a cze | |
| 044 | |a CZ | ||
| 245 | 1 | 0 | |a Směry vědeckotechnického rozvoje ve strojírenství |
| 264 | 1 | |a Praha |b Ústředí vědeckých, technických a ekonomických informací |c 1984 | |
| 300 | |a 132 s. | ||